000 00484nam a2200181Ia 4500
005 20250326142552.0
008 250326s9999 xx 000 0 und d
037 _aTextbook
040 _aFMSL
_beng
_cFMSL
041 _aeng
_2eng
084 _qFMSL
100 _aILO
245 0 _aWorld Labour Report 1989 : Employment and labour Eco. Govt. and its Employees
_cILO
260 _aGeneva
_bGeneva, I.L.O.
_c1989
300 _a159p
942 _cTB
999 _c1295632
_d1295632